000 00718nam a22002417a 4500
001 23291
003 UA-OsUOA
005 20230122165038.0
007 ta
008 20040116b un ||||| |||| 00| 0 ukr d
020 _a966-06-0264-2
040 _aUA-OsUOA
_bukr
_cUA-OsUOA
_dUA-OsUOA
041 _aukr
044 _aUA
080 _a311:366(075.8)
090 _a311:366(075.8)
_bФ59
245 _aФінансово-банківська статистика
_bнавч. посіб.
_cП. Г. Вашків, П. І. Пастер, В. П. Сторожук, Є. І. Ткач
260 _aКиїв
_bЛибідь
_c2003
300 _a324 с.
_bІлюстрації
650 7 _2UDC
942 _cBK
_2udc
955 _a0
999 _c309536
_d309536